02082nam a2200289Ia 450000300070000000500170000700800410002401600080006502000180007304000270009104100120011808200220013010000740015224500370022625000190026326000400028230000850032250105660040760001210097360001250109460001280121994200670134799900190141495201040143395201380153795201170167533001020230815143824.0220701s9999 xx 000 0 und d 2RDA a9781875093373 aRDAbENGc33228d33228 aEdEhE a615.32068 VAN223 aVan Wyk Ben-Erik; Van Oudtshoorn Bosch; Gericke Nigel949214eAuthors 0aMedicinal Plants of South Africa aSecond Edition aPretoria;bBriza Publicationsc2009 a7 [unnumbered pages]; 6-336 pagesbcolour photos; illustrations;c24 centimeters a"This book contains general information about medicinal plants and their uses. It is intended as a scientific overview and not as a medical handbook for self-treatment. Many of the medicinal plants described in this book are highly toxic and may cause severe allergic reactions or serious poisoning. Neither the authors nor the publishers can be held responsible for claims arising from the mistaken identity of plants or their inappropriate use. Do not attempt self-diagnosis or self-treatment. Always consult a medical professional or qualified practitioner". 2Library of Congress Subject headingsaVan Wyk BE;qProfessortMedicinal Plants of South AfricazSouth Africa9180999 2Library of Congress Subject HeadingsaVan Oudshoorn BqProfessortMedicinal Plants of South AfricazSouth Africa9181000 2Library of Congress Subject HeadingsaGericke NigelqMedical DoctortMedicinal Plants of South AfricazSouth Africa9181001 cBOOK2ddceSecond Editionk615.32068mVANy416zYoliswa Sabana c116234d116232 00104070aCHROLbCHROLd2022-07-04g293.86l0p33809000375878r2022-07-04w2022-07-04yBKz262/12 00102ddc4070aMBOMLbMBOMLcNon_Fictiond2023-08-15l2o615.32068 VAN 23p33228031065432r2023-08-17s2023-08-17w2023-08-15yBOOK 00102ddc40708600aKAMHLbKAMHLd2024-08-05l0o615.32068 VAN 23p3322803179752r2024-08-05w2024-08-05yBOOK